| 000 | 00351 a2200109 4500 | ||
|---|---|---|---|
| 001 | ART_24962 | ||
| 005 | 20260410161933.0 | ||
| 008 | 260409a | ||
| 245 | 1 | 0 | _aLa conferencia de Caracas y las modificaciones al tratado de Montevideo |
| 100 | 1 | _aBarrionuevo, Gerardo R. | |
| 773 | 0 |
_tInforme _g- Año II, Nº 7 (ene. 1970) _wREV23765 |
|
| 999 |
_c28780 _d28780 |
||